| 000 | 00332cam a22001217a 4500 | ||
|---|---|---|---|
| 008 | 180718b1969 xxu||||| |||| 00| 0 eng d | ||
| 082 | _aT19 J981 | ||
| 100 | _aJussawalla, M.F. | ||
| 245 |
_aEconomics of development _cby M.F. Jussawalla |
||
| 260 |
_aCalcutta _bOxford & IBH _c1969 |
||
| 300 | _a158p. | ||
| 650 | _aEconomic Development | ||
| 999 |
_c370978 _d370978 |
||